000 02415nab a22003017a 4500
999 _c6352
_d6352
003 OSt
005 20260131193604.0
008 190603e xxum|||| |||| 00| 0 spa d
040 _cPJ
100 _97008
_aAbbas, Ana
245 1 0 _aSuspensión de la cobertura por mora en el pago de la prima /
_cAna Abbas.
260 _cCiudad Autónoma de Buenos Aires :
_aThomson Reuters La Ley,
_b2025.
300 _ap. 57-65
500 _aCita: TR LALEY AR/DOC/2900/2025 Publicado en: RCCyC 2025 (Diciembre).
505 _aSumario: I. Introducción.— II. Fundamento legal y contractual de la suspensión de la cobertura por falta de pago de la prima.— III. El hecho técnico ínsito en la actividad aseguradora. La suspensión de la cobertura por falta de pago oportuno de la prima como consecuencia de la técnica aseguradora.— IV. La suspensión de la cobertura por falta de pago de la prima no requiere interpelación judicial o extrajudicial alguna ni constitución en mora.— V. La "costumbre" de pago fuera de los vencimientos no implica novación sobre el contrato ni modifica las disposiciones de la ley.— VI. El pago tardío de la prima reactiva para el futuro la cobertura suspendida.— VII. La tenencia de una constancia de seguro obligatorio automotor no acredita cobertura financiera.— VIII. Preminencia de la Ley de Seguros sobre la Ley de Defensa del Consumidor. Criterio de la CS.— IX. Las cláusulas generales y particulares del contrato de seguro no son cláusulas predispuestas por la aseguradora.— X. La cláusula de cobranza del premio y su incidencia en la relación precio-servicio. Consecuente imposibilidad de declararla abusiva.— XI. La función social del seguro obligatorio automotor. Su correcto entendimiento. Criterio de la CS.— XII. Conclusiones.
505 _t¿Te interesa el texto completo? Solicitalo al correo: koha@justierradelfuego.gov.ar
650 0 _91497
_aCODIGO CIVIL Y COMERCIAL
650 0 _91921
_aSEGUROS
650 0 _92725
_aMORA
650 0 _92600
_aLEY DE DEFENSA DEL CONSUMIDOR
650 0 _92608
_aDERECHOS DEL CONSUMIDOR
650 0 _93951
_aDEBER DE INFORMACIÓN
650 0 _aOBLIGACIONES DEL ASEGURADO
650 0 _aASEGURADO
_94314
650 0 _aPRIMA DE SEGURO
773 0 _02713
_93170
_dCiudad Autónoma de Buenos Aires : Thomson Reuters La Ley, 2015-
_tRevista Código Civil y Comercial. Nº 6 - Diciembre 2025
942 _2udc
_cANA